| 000 | 00601 a2200181 4500 | ||
|---|---|---|---|
| 999 |
_c5638 _d5638 |
||
| 020 | _a9780077263218 | ||
| 050 | _aQC 21.3 GIA 2010 | ||
| 100 |
_aGiambattista, Alan _eauthor |
||
| 245 |
_aCollege physics: _bwith an integrated approach to forces and kinematics/ _cAlan Giambattista, Betty McCarthy Richardson |
||
| 250 | _a3rd ed. | ||
| 264 |
_aBoston: _bMcGraw Hill, _c2010 |
||
| 300 |
_aVarious Pagings _bill. (col.) |
||
| 500 | _aIncludes index | ||
| 650 | _aPhysics | ||
| 700 |
_aRichardson, Betty McCarthy _eauthor |
||
| 700 |
_aRichardson Robert C. _eauthor |
||
| 942 |
_2lcc _cBK _e3rd _h21.3 _iGIA _kQC |
||